Power electronics (Record no. 1404)

000 -LEADER
fixed length control field 00542nam a2200205 4500
001 - CONTROL NUMBER
control field 1404
003 - CONTROL NUMBER IDENTIFIER
control field BD-DhUET
008 - FIXED-LENGTH DATA ELEMENTS--GENERAL INFORMATION
fixed length control field 140906b xxu||||| |||| 00| 0 eng d
020 ## - INTERNATIONAL STANDARD BOOK NUMBER
International Standard Book Number 8120325036
040 ## - CATALOGING SOURCE
Transcribing agency 0
Modifying agency BD-DhUET
082 ## - DEWEY DECIMAL CLASSIFICATION NUMBER
Classification number 623.17
Item number RAS/2004
100 ## - MAIN ENTRY--PERSONAL NAME
Personal name Rashid, Muhammad H.
245 ## - TITLE STATEMENT
Title Power electronics
Remainder of title circuits, devices, and applications
250 ## - EDITION STATEMENT
Edition statement 3rd ed.
260 ## - PUBLICATION, DISTRIBUTION, ETC. (IMPRINT)
Place of publication, distribution, etc. New Delhi
Name of publisher, distributor, etc. Prentice-Hall of India
Date of publication, distribution, etc. 2004
300 ## - PHYSICAL DESCRIPTION
Extent xxiv,880p.
504 ## - BIBLIOGRAPHY, ETC. NOTE
Bibliography, etc Includes bibliographies
650 #0 - SUBJECT ADDED ENTRY--TOPICAL TERM
Topical term or geographic name as entry element Power electronics
942 ## - ADDED ENTRY ELEMENTS (KOHA)
Koha item type General Book
Holdings
Koha date last seen Koha full call number Location (home branch) Koha normalized classification for sorting Koha date last borrowed Piece designation (barcode) Sublocation or collection (holding branch) Damaged status Date acquired Koha issues (times borrowed) Lost status Price effective from Source of classification or shelving scheme Koha item type Shelving location Not for loan Copy number Withdrawn status
2022-04-12623.17/RAS/2004Central Library, BUET623_000000000000000_17RAS20042021-12-19103652Central Library, BUET 2014-09-064 2014-09-06 General BookCirculation section 1 
2022-11-29623.17/RAS/2004Central Library, BUET623_000000000000000_17RAS20042022-11-29103653Central Library, BUET 2014-09-061 2014-09-06 General BookCirculation section 2 
2018-11-27623.17/RAS/2004Central Library, BUET623_000000000000000_17RAS20042018-10-28103654Central Library, BUET 2014-09-062 2014-09-06 General BookCirculation section 3 
2014-09-06623.17/RAS/2004Central Library, BUET623_000000000000000_17RAS2004 103655Central Library, BUET 2014-09-06  2014-09-06 General BookCirculation section 4 
2016-03-07623.17/RAS/2004Central Library, BUET623_000000000000000_17RAS20042014-12-07103656Central Library, BUET 2014-09-061 2014-09-06 General BookCirculation section 5 
2025-01-26623.17/RAS/2004Central Library, BUET623_000000000000000_17RAS20042023-09-23103657Central Library, BUET 2014-09-064 2014-09-06 General BookCirculation section 6 
2025-02-09623.17/RAS/2004Central Library, BUET623_000000000000000_17RAS20042024-12-08103658Central Library, BUET 2014-09-063 2014-09-06 General BookCirculation section 7 
2023-10-04623.17/RAS/2004Central Library, BUET623_000000000000000_17RAS20042023-09-24103659Central Library, BUET 2014-09-063 2014-09-06 General BookCirculation section 8 
2014-09-06623.17/RAS/2004Central Library, BUET623_170000000000000_RAS_2004 103660Central Library, BUET 2014-09-06  2014-09-06 General BookCirculation section 9 
2014-09-06623.17/RAS/2004Central Library, BUET623_000000000000000_17RAS2004 103661Central Library, BUET 2014-09-06  2014-09-06 General BookCirculation section 10